000 018440000a22002170004500
020 _a978-84-7057-354-5
082 0 4 _aG 230.01 G299c
100 1 _aGefre, Claude
245 1 0 _aEl cristianismo ante el riesgo de la interpretación : ensayos de hermenéutica teológica / Claude Geffré ; traducido por J. Fernandez Zulaica
260 _aMadrid : Cristiandad
300 _a332 p.
440 0 _aCol. Academia Christiana ; no.23
500 _aTítulo original en francés: Le christianisme au risque de l'nterpretation
505 0 0 _a\I Parte: Teología como hermenéutica: Del saber a la interpretación, Consecuencias para la práctica teológica de la orientación hermenéutica de la teología -- La hermenéutica en proceso: Crisis de la hermenéutica, Desplazamiento actual de la hermenéutica , Implicaciones teológicas del desplazamiento actual de la hermenéutica -- ¿Dogmática o hermenéutica?: Paso del modelo dogmático al hermenéutico, alcance histórico y teológico de la desaparición del modelo dogmático, la verdad de la teología como lenguaje interpretativo -- La libertad hermenéutica del teólogo\ II Parte: El testimonio interpretativo de la fe: La resurrección de Cristo como testimonio interpretativo -- La hermenéutica atea del título "Hijo del Hombre" en Ernst Bloch -- Del Dios del teísmo al Dios crucificado -- Fragmentación de la historia y señorío de Cristo\ III Parte: La práctica de los cristianos reinterpreta el cristianismo: Una fe sometida a prueba crítica -- Encuentro del cristianismo con las diversas culturas -- Condiciones de un testimonio profético
650 1 4 _aHERMENEUTICA - HERMENEUTICA TEOLOGICA \ CRISTIANISMO \ TEISMO
001 17864
942 _cBK
999 _c44359
_d44359
336 _atexto
_btxt
_2rdacontent
337 _2rdamedia
_asin mediación
_bn
338 _2rdacarrier
_avolumen
_bnc